000 00349nam a2200157Ia 4500
003 OSt
005 20231107102202.0
008 170524s9999 xx 000 0 und d
020 _a9788120317451
040 _cIIMT UNIVERSITY
100 _aKumar
245 0 _aFundamentals of Digital Circuits
260 _bPHI
260 _c2007
942 _2ddc
_c02
999 _c4906
_d4906